<?xml version="1.0" encoding="UTF-8"?>
<record
    xmlns:xsi="http://www.w3.org/2001/XMLSchema-instance"
    xsi:schemaLocation="http://www.loc.gov/MARC21/slim http://www.loc.gov/standards/marcxml/schema/MARC21slim.xsd"
    xmlns="http://www.loc.gov/MARC21/slim">

  <leader>00967nam a22002537a 4500</leader>
  <controlfield tag="005">20170123162341.0</controlfield>
  <datafield tag="010" ind1=" " ind2=" ">
    <subfield code="a">A-441514</subfield>
  </datafield>
  <datafield tag="020" ind1=" " ind2=" ">
    <subfield code="c">100.00</subfield>
  </datafield>
  <datafield tag="035" ind1=" " ind2=" ">
    <subfield code="a">A-441514</subfield>
  </datafield>
  <datafield tag="037" ind1=" " ind2=" ">
    <subfield code="b">Cen Lib/Ret</subfield>
  </datafield>
  <datafield tag="040" ind1=" " ind2=" ">
    <subfield code="a">DPL</subfield>
    <subfield code="b">UR</subfield>
  </datafield>
  <datafield tag="082" ind1=" " ind2=" ">
    <subfield code="a">920</subfield>
    <subfield code="b">&#x639; &#x627; &#x628; </subfield>
  </datafield>
  <datafield tag="100" ind1=" " ind2=" ">
    <subfield code="a">&#x639;&#x627;&#x628;&#x62F;&#x6C1; &#x633;&#x645;&#x6CC;&#x639; &#x627;&#x644;&#x62F;&#x6CC;&#x646; </subfield>
    <subfield code="9">108471</subfield>
  </datafield>
  <datafield tag="245" ind1=" " ind2=" ">
    <subfield code="a">&#x6C1;&#x646;&#x62F;&#x648;&#x633;&#x62A;&#x627;&#x646; &#x6A9;&#x6CC; &#x62C;&#x646;&#x6AF;&#x6D2; &#x622;&#x632;&#x627;&#x62F;&#x6CC; &#x645;&#x6CC;&#x6BA; &#x645;&#x633;&#x644;&#x645; &#x62E;&#x648;&#x627;&#x62A;&#x6CC;&#x646; &#x6A9;&#x627; &#x62D;&#x635;&#x651;&#x6C1; /</subfield>
    <subfield code="c">&#x639;&#x627;&#x628;&#x62F;&#x6C1; &#x633;&#x645;&#x6CC;&#x639; &#x627;&#x644;&#x62F;&#x6CC;&#x646; </subfield>
  </datafield>
  <datafield tag="246" ind1=" " ind2=" ">
    <subfield code="a">Hindustan ki jang-e-azadi me muslim khawateen ka hissa /</subfield>
    <subfield code="b">by Abida Sami-Ud-Din </subfield>
  </datafield>
  <datafield tag="260" ind1=" " ind2=" ">
    <subfield code="a">&#x67E;&#x679;&#x646;&#x6C1; </subfield>
    <subfield code="b">&#x627;&#x62F;&#x627;&#x631;&#x6C1; &#x62A;&#x62D;&#x642;&#x6CC;&#x642;&#x627;&#x62A; &#x627;&#x631;&#x62F;&#x648;  </subfield>
    <subfield code="c">1990</subfield>
  </datafield>
  <datafield tag="270" ind1=" " ind2=" ">
    <subfield code="b">&#x67E;&#x679;&#x646;&#x6C1; </subfield>
  </datafield>
  <datafield tag="300" ind1=" " ind2=" ">
    <subfield code="a">291p.</subfield>
    <subfield code="c">21cm(Hb)</subfield>
  </datafield>
  <datafield tag="650" ind1=" " ind2=" ">
    <subfield code="a">&#x6C1;&#x646;&#x62F;&#x648;&#x633;&#x62A;&#x627;&#x646;&#x6CC; &#x62A;&#x627;&#x631;&#x6CC;&#x62E; - &#x622;&#x632;&#x627;&#x62F;&#x6CC;</subfield>
    <subfield code="9">127106</subfield>
  </datafield>
  <datafield tag="650" ind1=" " ind2=" ">
    <subfield code="a"> &#x645;&#x633;&#x644;&#x645; &#x62E;&#x648;&#x627;&#x62A;&#x6CC;&#x646; &#x622;&#x632;&#x627;&#x62F;&#x6CC; &#x6A9;&#x6D2; &#x62C;&#x646;&#x6AF;&#x62C;&#x648;&#x624;&#x6BA;</subfield>
    <subfield code="9">127107</subfield>
  </datafield>
  <datafield tag="650" ind1=" " ind2=" ">
    <subfield code="a">Indian history -- Fredom</subfield>
    <subfield code="9">127108</subfield>
  </datafield>
  <datafield tag="650" ind1=" " ind2=" ">
    <subfield code="a">Muslim women freedom fighters</subfield>
    <subfield code="9">127109</subfield>
  </datafield>
  <datafield tag="942" ind1=" " ind2=" ">
    <subfield code="2">ddc</subfield>
    <subfield code="c">UR</subfield>
    <subfield code="h">920</subfield>
    <subfield code="m">&#x639; &#x627; &#x628; </subfield>
  </datafield>
  <datafield tag="999" ind1=" " ind2=" ">
    <subfield code="c">108492</subfield>
    <subfield code="d">108492</subfield>
  </datafield>
  <datafield tag="952" ind1=" " ind2=" ">
    <subfield code="0">0</subfield>
    <subfield code="1">0</subfield>
    <subfield code="4">0</subfield>
    <subfield code="7">0</subfield>
    <subfield code="a">L</subfield>
    <subfield code="b">L</subfield>
    <subfield code="d">2016-01-21</subfield>
    <subfield code="e">Cen Lib/Ret</subfield>
    <subfield code="g">100.00</subfield>
    <subfield code="l">0</subfield>
    <subfield code="o">920 &#x639; &#x627; &#x628;</subfield>
    <subfield code="p">A-441514</subfield>
    <subfield code="r">2016-01-21 00:00:00</subfield>
    <subfield code="t">1</subfield>
    <subfield code="v">100.00</subfield>
    <subfield code="w">2016-01-21</subfield>
    <subfield code="y">UR</subfield>
  </datafield>
</record>
